[Event "IV Copa Marcel Duchamp 2020"]
[Site "Montevideo"]
[Date "2020.02.12"]
[Round "6.20"]
[White "Pichuaga, Juan Pablo"]
[Black "El Ters, Antouan"]
[Result "1/2-1/2"]
[WhiteElo "2030"]
[BlackElo "2189"]
[Annotator "TA"]
[PlyCount "77"]
[EventDate "2020.02.08"]
[EventType "swiss"]
[EventCountry "URU"]
[SourceTitle "playchess.com"]
[Source "ChessBase"]
[SourceQuality "1"]

{[%evp 15,77,4,12,10,10,-4,11,14,14,2,37,27,32,13,20,18,24,16,23,9,38,38,36,0,6,0,72,87,98,43,104,106,158,155,154,135,192,68,87,67,85,88,66,-157,-134,-164,-159,-364,-157,-220,-203,-195,-203,-203,-196,-188,-113,-275,0,0,0,0,0,0]} 1. e4 c5 2. Nc3 Nc6 3. g3 g6 4. Bg2 Bg7 5. d3 d6 6. Be3 Nf6 7. h3 Bd7 8. Qd2 Nd4 9. Nge2 {B26: Closed Sicilian: 3 g3, lines with early Be3.} (9. f4 {looks sharper.} Bc6 10. Nce2 e5 11. O-O-O O-O 12. g4) 9... Qb6 10. Nd1 {[#]} Nxe2 $146 ({Predecessor:} 10... O-O 11. Nc1 Bc6 12. c3 Nf5 13. Bf4 e5 14. Bg5 Ne7 15. O-O Rae8 16. Ne3 Kh8 {½-½ (100) Romero Echeverria,A (2109)-Otgonjargal,S (2146) Istanbul 2012}) 11. Qxe2 Bc6 12. O-O h5 13. c3 Qa6 14. Qc2 Rc8 15. f4 e6 16. Nf2 Nd7 17. Rad1 d5 18. exd5 Bxd5 19. Bxd5 exd5 20. d4 c4 (20... O-O $11 {remains equal.}) 21. f5 $16 O-O 22. g4 ({Better is} 22. h4 $16) 22... hxg4 (22... Rce8 $14 23. Bf4 hxg4) 23. Nxg4 Rce8 (23... Nf6 $142) 24. Qg2 Re4 25. Rf3 Rfe8 (25... Nf6 $16) 26. fxg6 (26. Rdf1 $18) 26... fxg6 $14 27. Rdf1 Qe6 28. Qg3 b5 29. Bh6 $2 (29. Kg2 $14 {keeps the upper hand.}) 29... Rxg4 $1 $17 {[%mdl 64] [#] Remove Defender} 30. hxg4 {Hoping for Re3.} Bxh6 31. Qh4 $2 (31. g5 $17 Bg7 32. a3) 31... Bg7 (31... Be3+ $19 32. Kg2 g5) 32. Qg5 (32. Rf7 $17) 32... Rf8 33. Re3 Rxf1+ 34. Kxf1 Qf7+ 35. Kg2 {Strongly threatening Re7.} Nf6 ({Black should play} 35... Bf6 $19 36. Qf4 Bh4 37. Qxf7+ Kxf7) 36. Re5 $2 (36. Rf3 $17) 36... Ne4 $2 (36... Bf8 $19 {Threatens to win with ...Ne4.} 37. Rf5 Kg7) 37. Qd8+ $11 {[%mdl 64] [#] Double Attack. The position is equal.} Kh7 {( -> ...Qf2+)} 38. Qh4+ Kg8 $1 39. Qd8+ $1 {[%mdl 64] Double Attack. Accuracy: White = 58%, Black = 61%.} 1/2-1/2

[Event "IV Copa Marcel Duchamp 2020"]
[Site "Montevideo"]
[Date "2020.02.12"]
[Round "6.21"]
[White "Montanu, Dan-Vladimir"]
[Black "Carvalho, Guillermo"]
[Result "0-1"]
[WhiteElo "1983"]
[BlackElo "2187"]
[Annotator "TA"]
[PlyCount "48"]
[EventDate "2020.02.08"]
[EventType "swiss"]
[EventCountry "URU"]
[SourceTitle "playchess.com"]
[Source "ChessBase"]
[SourceQuality "1"]

{[%evp 20,140,26,36,45,47,34,-42,-6,-3,0,0,0,0,4,0,0,0,0,-20,-11,-18,-15,-11,-16,-22,-11,-15,-16,-48,-46,-54,-54,-66,-54,-115,-106,-177,-171,-244,-163,-158,-160,-258,-175,-279,-196,-314,-309,-292,-228,-264,-191,-263,-258,-264,0,-238,-235,-239,-188,-184,-173,-222,-218,-247,-206,-208,-208,-232,-225,-258,-225,-249,-221,-205,-181,-414,-282,-282,-262,-438,-413,-2614,-1971,-2518,-2409,-2823,-2607,-1882,-1795,-12827,-12389,-12835,-12835,-12835,-12322,-3424,0,-6536,-4548,-12842,-12842,-12842,-12839,-12842,-12843,-12843,-12844,-12845,-12845,-12848,-12843,-12845,-12845,-12845,-12846,-12845,-12846,-12846,-12847,-12847,-12847]} 1. d4 d5 2. c4 e6 3. Nc3 Nf6 4. Nf3 Be7 5. g3 O-O 6. Bg2 c5 7. cxd5 exd5 8. O-O Nc6 9. Bg5 c4 10. Ne5 Be6 11. b3 cxb3 {D34: Tarrasch Defence: 6 g3 Nf6 7 Bg2 Be7.} 12. Nxc6 bxc6 {[#]} 13. Bxf6 $146 (13. axb3 $14 Re8 14. Na4) ({Predecessor:} 13. axb3 h6 14. Bxf6 Bxf6 15. Na4 Bf5 16. Qd2 Qd6 17. Nc5 Rfb8 18. Ra3 Bd8 19. b4 Bb6 20. Rc1 Re8 21. e3 {1-0 (55) Nielsen,P (2646)-Rogers,I (2564) Turin 2006}) 13... Bxf6 {Black is slightly better.} 14. axb3 c5 15. e3 cxd4 16. exd4 Qd6 17. Ra4 Rac8 18. Qd3 Rb8 19. Rb1 Qd7 {[#] White must now prevent ...Bf5.} 20. Qd2 Rfc8 {...Rxc3! is the strong threat.} 21. Ra5 {[%cal Rc3d5]} Bd8 $36 {[%mdl 2048] Black is more active.} 22. Rc5 {[%cal Rc3d5]} Be7 23. Rxc8+ Rxc8 24. Na4 Qc6 {Played: Qd7-b5} 0-1

[Event "IV Copa Marcel Duchamp 2020"]
[Site "Montevideo"]
[Date "2020.02.12"]
[Round "6.22"]
[White "Durante, Aurelio"]
[Black "Benoit, Rodrigo"]
[Result "0-1"]
[WhiteElo "1955"]
[BlackElo "2170"]
[Annotator "TA"]
[PlyCount "90"]
[EventDate "2020.02.08"]
[EventType "swiss"]
[EventCountry "URU"]
[SourceTitle "playchess.com"]
[Source "ChessBase"]
[SourceQuality "1"]

{[%evp 9,90,21,22,0,11,-25,0,0,3,0,35,-7,26,-16,45,-17,8,12,25,34,21,27,109,103,100,-14,55,-4,-7,-14,28,-25,0,-26,0,-136,-70,-177,-181,-165,-151,-156,-168,-126,-110,-116,-112,-290,-317,-564,-605,-589,-595,-560,-535,-1346,-377,-345,-327,-334,-337,-337,-335,-312,-306,-380,-381,-408,-388,-604,-604,-593,-593,-574,-553,-572,-620,-734,-719,-698,-658,-671,-637]} 1. e4 c5 2. Nc3 Nc6 3. Bb5 Nd4 4. Bc4 d6 5. d3 Nf6 6. h3 {B23: Closed Sicilian: Lines without g3.} e6 7. a4 Be7 8. Nf3 {The position is equal.} O-O 9. O-O {[#]} b6 $146 ({Predecessor:} 9... d5 10. Ba2 Bd7 11. e5 Ne8 12. Nxd4 cxd4 13. Nb5 Qb6 14. c4 a6 15. a5 Qxa5 16. Nxd4 dxc4 {0-1 (39) Pomar Mir,F-Fiol Company,J Palma de Mallorca 1999}) 10. Ba2 Bb7 11. Re1 a6 (11... Nxf3+ $11 12. Qxf3 Nd7) 12. Bg5 (12. Nxd4 $1 $14 cxd4 13. Ne2) 12... Bc6 (12... h6 {is interesting.} 13. Bf4 Nc6 14. Ne2 b5 15. c3 b4) 13. Nxd4 cxd4 14. Ne2 e5 15. Ng3 g6 (15... Nd7 $11 16. Bxe7 Qxe7) 16. Bh6 $16 Re8 17. h4 (17. f4 $16) 17... Bf8 (17... Bd7 $11) 18. Bxf8 (18. Bg5 $14) 18... Rxf8 $11 19. h5 Qe7 20. Bb3 ({White should play} 20. c3) 20... Kh8 21. Rf1 Bd7 22. Qd2 (22. hxg6 $1 $11 fxg6 23. Qd2) 22... Ng4 (22... gxh5 $17 23. Qg5 Rg8) 23. f3 ({Better is} 23. hxg6 $15 Qh4 24. g7+ Kxg7 25. Rfe1) 23... Ne3 $19 24. Rf2 {[#]} f5 $1 25. c3 f4 26. Nf1 a5 27. cxd4 exd4 28. hxg6 $2 {[#]} (28. Bd5 $17 {is a better defense.} Rac8 29. b4) 28... hxg6 29. g4 $2 (29. Re2 Kg7 30. Rc1) 29... fxg3 $1 30. Nxg3 Qg5 31. Rh2+ Kg7 32. Rg2 {If only White now had time for Nf5+....} Rxf3 $2 (32... Bh3 33. Nf5+ Rxf5 34. Rxg5 Rxg5+ 35. Kf2 Rg2+ {[%mdl 64] Skewer} 36. Ke1 Rg1+ 37. Kf2 Rxa1) 33. Nf5+ Rxf5 $1 34. exf5 Qxg2+ ({Much less strong is} 34... Qxf5 35. Rf2) 35. Qxg2 Nxg2 36. Kxg2 Bxf5 {[%mdl 4096] Endgame KRB-KRB} ({Resist} 36... gxf5 37. Rc1 $19) 37. Bc4 Re8 38. b4 Re2+ 39. Kf3 (39. Kf1 $142 Re3 40. bxa5 bxa5 41. Rb1) 39... Re3+ {Black is clearly winning.} 40. Kf2 Bxd3 41. Bxd3 Rxd3 42. bxa5 bxa5 43. Rc1 Rc3 44. Rd1 Rc4 45. Kf3 Rxa4 {Accuracy: White = 36%, Black = 53%.} 0-1

[Event "IV Copa Marcel Duchamp 2020"]
[Site "Montevideo"]
[Date "2020.02.12"]
[Round "6.23"]
[White "Moccero, Eduardo"]
[Black "Vazquez, Facundo"]
[Result "0-1"]
[WhiteElo "1926"]
[BlackElo "2155"]
[Annotator "TA"]
[PlyCount "64"]
[EventDate "2020.02.08"]
[EventType "swiss"]
[EventCountry "URU"]
[SourceTitle "playchess.com"]
[Source "ChessBase"]
[SourceQuality "1"]

{[%evp 16,64,23,-14,-7,-11,52,54,57,-83,-80,-72,-83,-96,-72,-88,-72,-68,-58,-61,-45,-96,-48,-108,-86,-96,-83,-129,-134,-141,-53,-75,-58,-262,-252,-262,-253,-325,-294,-335,-320,-973,-974,-942,-938,-1056,-564,-1021,-1110,-717,-477]} 1. d4 Nf6 2. Nf3 g6 3. c4 Bg7 4. Nc3 O-O 5. e3 d6 6. Be2 Nbd7 7. O-O e5 8. b4 Re8 9. Qc2 a5 {E61: King's Indian: Early deviations for White, including Smyslov System.} 10. b5 e4 (10... exd4 $11 11. exd4 Nb6) 11. Nd2 $14 {[%cal Rd2e4]} Qe7 {[#] White is slightly better.} 12. Nd5 $146 (12. a4 $14 {stays ahead.}) ({Predecessor:} 12. Ba3 Nf8 13. Nd5 Nxd5 14. cxd5 b6 15. Rfc1 Ra7 16. Qb3 a4 17. Qc2 Bf5 18. Rab1 {1-0 (59) Townsend,M (2231)-Hebden,M (2491) Reading 2017}) 12... Nxd5 $17 13. cxd5 Nb6 14. Bc4 a4 15. Re1 Bf5 16. Ba3 Qd7 17. Rac1 h5 18. Bb4 (18. Bf1 $15) 18... g5 19. Nf1 ({White should try} 19. a3 $15) 19... Bg6 20. a3 Re7 ({Reject} 20... Nxc4 $6 21. Qxc4 Re7 22. Rc2 $11) 21. Qd2 f5 22. Rc3 Bh6 (22... Nxc4 $17 23. Rxc4 b6) 23. Rec1 f4 24. exf4 $2 ({White should play} 24. Be2 $15) 24... gxf4 $19 25. Ba2 Rc8 (25... Qxb5 26. Rxc7 e3 27. Qe1 $17) 26. Ba5 {next Bxb6 is good for White.} Qxb5 {[%mdl 64] [#] Double Attack} 27. Bxb6 Qxb6 28. Rb1 $2 (28. Re1) 28... e3 {Black is clearly winning.} 29. Rxb6 exd2 30. Nxd2 Re1+ 31. Nf1 Bd3 {[%csl Gd3][%cal Re1f1] [#]} 32. h3 Rxf1+ {Accuracy: White = 55%, Black = 76%.} 0-1

[Event "IV Copa Marcel Duchamp 2020"]
[Site "Montevideo"]
[Date "2020.02.12"]
[Round "6.24"]
[White "Pustilnik, Iber"]
[Black "Contin, Daniel"]
[Result "0-1"]
[WhiteElo "1892"]
[BlackElo "2267"]
[Annotator "TA"]
[PlyCount "58"]
[EventDate "2020.02.08"]
[EventType "swiss"]
[EventCountry "URU"]
[SourceTitle "playchess.com"]
[Source "ChessBase"]
[SourceQuality "1"]

{[%evp 9,65,33,36,21,33,0,-4,0,8,-6,-8,-11,-10,0,29,7,0,-54,-18,-33,4,11,22,-2,0,0,8,0,10,2,89,-6,-17,-47,-35,-100,-110,-116,-110,-109,-94,-511,-353,-735,-719,-641,-472,-443,-339,-418,-243,-231,-238,-232,-231,-29993,-29994,-29994]} 1. d4 Nf6 2. c4 e6 3. g3 c5 4. Nf3 d5 5. cxd5 exd5 6. Bg2 {E01: Catalan: Early deviations.} Nc6 {[#]} 7. h3 $146 ({Predecessor:} 7. O-O Be7 8. Nc3 O-O 9. h3 Ne4 10. dxc5 Bxc5 11. Bf4 Nxc3 12. bxc3 Bf5 13. Nd2 Re8 14. g4 Bg6 15. e3 Bb6 16. Qb3 Re7 17. Rfd1 Rd7 {½-½ (52) Nakamura,H (2777)-Mamedyarov,S (2801) Saint Louis 2018}) 7... cxd4 8. Nxd4 {The position is equal.} Bc5 9. Nb3 Bb6 10. O-O O-O 11. Nc3 Be6 12. Bg5 h6 13. Bf4 (13. Bxf6 $11 Qxf6 14. Na4) 13... g5 14. Bc1 Qd6 {Strongly threatening ...Qxg3.} 15. e3 a6 16. Ne2 Qd7 17. Kh2 Bf5 18. Nbd4 Be4 19. b3 Ne5 (19... Rfe8 $11) 20. Bb2 (20. f3 $16 Bh7 21. f4 gxf4 22. exf4) 20... Rfe8 21. Rc1 Nd3 22. Ba1 (22. Rc2 $15) 22... Nxc1 $40 {[%mdl 128] White is in trouble.} 23. Qxc1 Rac8 24. Qb2 Bd8 25. f4 $2 {[%mdl 8192] [#]} (25. Nc3 $17) 25... g4 {Threatens to win with ...Bxg2.} 26. f5 $2 (26. Bxe4 Rxe4 27. h4) 26... Bxg2 $19 27. Kxg2 gxh3+ 28. Kxh3 Re4 29. Nf4 Rxe3 {Played: Re4xd4} 0-1